000 00855nam2a22002531 4500
001 rc\287222
005 20250621063707.0
035 _a(NLR Aleph) 005628914
090 _a6558001
_c6558001
100 _a20030307d1990 |||y0rusy50 ca
101 0 _arus
102 _aRU
105 _aa |||||||||
200 0 _aЧ. 1
210 _d1990
_aБ. м.
215 _a59, [1] с.
_cил.
225 1 _a...
_v№ 652Ф.
320 _aБиблиогр.: с. 58-59 (25 назв.)
461 0 _1001rc\287221
_12001#$aДвухзвенный микрополосковый СВЧ фильтр$e[В 2 ч.]$vЧ. 1
_96557991
_cКрасноярск
_d1990-
_nИФ
_o[В 2 ч.]
_tДвухзвенный микрополосковый СВЧ фильтр
_vЧ. 1
801 0 _aRU
_bNLR
_gpsbo
801 1 _aRU
_bELAR
_2rusmarc
852 _aNLR
_j90-4/6969
942 _cBOOK
980 _aNB